书目信息 |
| 题名: |
达·芬奇密码
|
|
| 作者: | 布朗 著 ;朱振武 , 吴晟 , 周元晓 译 | |
| 分册: | ||
| 出版信息: | 上海 上海人民出版社 2006.01 |
|
| 页数: | 454页, [3] 页图版 | |
| 开本: | 26cm | |
| 丛书名: | ||
| 单 册: | ||
| 中图分类: | I712.45 | |
| 科图分类: | ||
| 主题词: | 长篇小说--chang pian xiao shuo--美国--现代 | |
| 电子资源: | ||
| ISBN: | 7-208-05990-X | |
| 000 | 01268nam0 2200289 450 | |
| 001 | 012007822840 | |
| 005 | 20071011101557.17 | |
| 010 | @a7-208-05990-X@b精装@dCNY88.00 | |
| 100 | @a20070816d2006 km y0chiy0120 ea | |
| 101 | 1 | @achi@ceng |
| 102 | @aCN@b310000 | |
| 105 | @aafh z 000ay | |
| 200 | 1 | @a达·芬奇密码@Ada·fen qi mi ma@d= The da vinci code@zeng |
| 210 | @a上海@c上海人民出版社@d2006.01 | |
| 215 | @a454页, [3] 页图版@c彩图, 摹真@d26cm | |
| 300 | @a插图珍藏本 | |
| 314 | @a本书著者(美) 丹·布朗著, 朱振武, 吴晟, 周元晓译 | |
| 330 | @a从《蒙娜丽莎》和《最后的晚餐》里隐含的惊世秘密、古老埃及神秘的图腾符号,到卢浮宫、威斯敏斯特教堂、罗斯琳教堂等引人入胜的历史古迹,《〈达·芬奇密码〉插图珍藏本》所蒐集的160余幅精美图片,由卢浮宫、法国国家图书馆、格林威治皇家天文台、伦敦档案学会等权威机构提供,完美地诠释了这部史上最饶有兴味的知识型悬疑小说,令你在连连经历离奇的惊悚情节的同时,又时时遇见壮美的历史与艺术的奇迹! | |
| 500 | 10 | @aDa vinci code@mChinese |
| 606 | 0 | @a长篇小说@Achang pian xiao shuo@y美国@z现代 |
| 690 | @aI712.45@v4 | |
| 701 | 1 | @a布朗@Abu lang@g(Brown, Dan)@4著 |
| 702 | 0 | @a朱振武@Azhu zhen wu@4译 |
| 702 | 0 | @a吴晟@Awu sheng@4译 |
| 702 | 0 | @a周元晓@Azhou yuan xiao@4译 |
| 801 | 0 | @aCN@c20071011 |
| 905 | @dI712.45@eB982 | |
| 达·芬奇密码= The da vinci code.-上海:上海人民出版社,2006.01 |
| 454页, [3] 页图版:彩图, 摹真;26cm |
| 插图珍藏本 |
| ISBN 7-208-05990-X(精装):CNY88.00 |
| 从《蒙娜丽莎》和《最后的晚餐》里隐含的惊世秘密、古老埃及神秘的图腾符号,到卢浮宫、威斯敏斯特教堂、罗斯琳教堂等引人入胜的历史古迹,《〈达·芬奇密码〉插图珍藏本》所蒐集的160余幅精美图片,由卢浮宫、法国国家图书馆、格林威治皇家天文台、伦敦档案学会等权威机构提供,完美地诠释了这部史上最饶有兴味的知识型悬疑小说,令你在连连经历离奇的惊悚情节的同时,又时时遇见壮美的历史与艺术的奇迹! |
| ● |
| 相关链接 |
|
|
|
正题名:达·芬奇密码
索取号:I712.45/B982
 
预约/预借
| 序号 | 登录号 | 条形码 | 馆藏地/架位号 | 状态 | 备注 |
| 1 | 252943 | 202529433 | 文学库116/ [索取号:I712.45/B982] | 在馆 |